Advanced business communication (Record no. 169227)

MARC details
000 -LEADER
fixed length control field 00447nam a2200157Ia 4500
008 - FIXED-LENGTH DATA ELEMENTS--GENERAL INFORMATION
fixed length control field 231217s9999 xx 000 0 und d
041 ## - LANGUAGE CODE
Language code of text/sound track or separate title English
082 ## - DEWEY DECIMAL CLASSIFICATION NUMBER
Classification number 651.4 PEN;4
100 ## - MAIN ENTRY--PERSONAL NAME
Personal name Penrose, John M Rosberry. Robert W Myers, Robert J.
245 #0 - TITLE STATEMENT
Title Advanced business communication
250 ## - EDITION STATEMENT
Edition statement 4th ed.
260 ## - PUBLICATION, DISTRIBUTION, ETC.
Date of publication, distribution, etc. 2001
Name of publisher, distributor, etc. Ohio : South-Western College,
300 ## - PHYSICAL DESCRIPTION
Extent xiii+448
650 ## - SUBJECT ADDED ENTRY--TOPICAL TERM
Topical term or geographic name entry element Advanced,business,communication
942 ## - ADDED ENTRY ELEMENTS (KOHA)
Koha item type Books
Holdings
Date last seen Total checkouts Full call number Accession number Cost, total (INR) price Price effective from Category Lost status Damaged status Department Withdrawn status Home library Current library Shelving location Entry date Vendor Cost, normal purchase price Grants Billnumber Billdate Currency symbol Conversion rate Discount Old discount
26/01/2024   651.4 PEN;4 22041 257.04 26/01/2024 Books     MBA   Central Library Central Library MBA 06/03/2003 Allied publ. 6.00 MBA 12533 11/02/2005 USD 50.4 0.9 15

© For any Suggestions or Query, please contact the library staff @ librarian@pes.edu or Phone: +9180 2672 1983/ 2108.